Princíp otvoreného neba Tri kilometre dráhy spájajú celý svet

Význam leteckej dopravy pre Slovensko v oblasti prílivu nových technológií, investícií, rozvoja služieb a iných aktivít. Letiská a objem leteckej dopravy na Slovensku. Transformácia riadenia letísk, ciele transformácie. Nevyhnutné investície v rámci programu posilnenia letísk. Vytvorenie Fondu rozvo...

ver descrição completa

Na minha lista:
Detalhes bibliográficos
Autor principal: Krištofičová, Dagmar
Formato: Capítulo de Livro
Idioma:eslovaco
Assuntos:
Tags: Adicionar Tag
Sem tags, seja o primeiro a adicionar uma tag!

MARC

LEADER 00000naa a2200000 4500
001 r016622
005 20221213114219.1
041 0 |a slo 
044 |a SK 
245 1 0 |a Princíp otvoreného neba  |b Tri kilometre dráhy spájajú celý svet  |c Dagmar Krištofičová 
520 |a Význam leteckej dopravy pre Slovensko v oblasti prílivu nových technológií, investícií, rozvoja služieb a iných aktivít. Letiská a objem leteckej dopravy na Slovensku. Transformácia riadenia letísk, ciele transformácie. Nevyhnutné investície v rámci programu posilnenia letísk. Vytvorenie Fondu rozvoja letísk. Očakávané zmeny v situácii leteckej dopravy. Aktivity domácich a zahraničných subjektov, realizácia "partnersky otvoreného neba". Zabezpečenie ochrany leteckej dopravy. Stratégia Regionálnych správ letísk. 
610 2 0 |a doprava letecká 
610 2 0 |a letiská 
610 2 0 |a Slovensko 
610 2 0 |a transformácia 
610 2 0 |a reštrukturalizácia 
610 2 0 |a programy rozvojové 
610 2 0 |a investície 
100 1 |a Krištofičová, Dagmar